Livro

Relatos /

Na minha lista:
Detalhes bibliográficos
Autor principal: Beckett, Samuel
Outros Autores: Azúa, Félix de (Tradutor), Moix, Ana María (Tradutor, tr), Talens, Jenaro (Tradutor, tr)
Formato: Livro
Idioma:espanhol
Publicado em: Barcelona : Tusquets, 2003.
Edição:1a. ed. en Fábula.
coleção:Fábulas ; 216
Assuntos:

MARC

LEADER 00000Cam#a22000005a#4500
001 020246
005 20250214144135.0
008 080829s2003||||ag # g#| #000|0dspa#d
020 |a 8483108933 
040 |a AR-BeUNQ 
100 1 |a Beckett, Samuel 
245 0 2 |a Relatos /   |c Samuel Beckett ; traducciones de Feliz de Azúa, Ana M.ª Moix y Jenaro Talens ; edición de Canoex Sanz. 
250 |a 1a. ed. en Fábula. 
260 |a Barcelona :   |b Tusquets,   |c 2003. 
300 |a 250 p. ;   |c 20 cm. 
490 0 |a Fábulas ;   |v 216 
500 |a Traducción de: Premier amour, L'expulsé, Le calmant, La fin, Textes pour rien, From an abandoned work, L'image, All strange away, Imagination morte imagine, De positions, Au loin un oiseau, Se voir, Bing, Assez, Sans, Dans le cilindre, Le dépleupeur, Pour finir encore, Immobile, La falaise, Mal vu mal dit. 
648 4 |a Siglo XX 
650 7 |a Literatura (Arte)  |2 spines 
650 7 |a Relatos  |2 ttll 
651 7 |a Irlanda  |2 spines 
700 1 |a Azúa, Félix de  |4 trl 
700 1 |a Moix, Ana María  |e tr  |4 trl 
700 1 |a Talens, Jenaro  |e tr  |4 trl 
929 |a COMPRA  |b Alfagrama  |c Exp. 827-0266/08 1a. compra  |d 27,50  |e 20080812  |f PAT0024847  |j 42378 
929 |a COMPRA  |b Alfagrama  |c Exp. 827-0266/08 1a. compra  |d 27,50  |e 20080812  |f PAT0024848  |j 42379 
942 |c LIB  |n 0 
999 |c 19945  |d 95332